| 000 | 01093nam a2200313 i 4500 | ||
|---|---|---|---|
| 003 | EG-GICUC | ||
| 005 | 20260126171538.0 | ||
| 008 | 260109s1998 ua ||||fr|||| 00| 0 ara d | ||
| 017 | _a98/17272 | ||
| 020 | _a9771477520 | ||
| 040 |
_a EG-GICUC _bara _c EG-GICUC _d EG-GICUC _erda |
||
| 041 | _aara | ||
| 082 | 0 | 4 |
_221 _a343.3844 _bا ل . ح |
| 092 | 0 | 4 | _221 |
| 099 | _aLaw1 10 343.3844 ا ل . ح1998 | ||
| 100 | 0 |
_aالسيد عتيق _eمؤلف. |
|
| 245 | 1 | 0 |
_aحق محكمة النقض فى التصدى ومدى ملاءمته دستوريا / _cتأليف دكتور السيد عتيق. |
| 264 | 1 |
_aالقاهرة : _bدار النهضة العربية، _c1998. |
|
| 300 |
_a54 صفحة ; _c24 سم. |
||
| 336 |
_2rda content _atext |
||
| 337 |
_2rda media _aComputer |
||
| 338 |
_2rda carrier _aOnline Resource |
||
| 504 | _aيشتمل على ارجاعات ببليوجرافية. | ||
| 650 | 1 | _aالقانون الجنائي | |
| 650 | 1 | _aالنقض | |
| 856 | 4 | 0 | _uhttps://fll.law.cu.edu.eg/fulltext/bks/B10-06050.pdf |
| 905 |
_a43 _eYara |
||
| 942 |
_2ddc _n0 _cBK _e21 |
||
| 999 |
_c55807 _d55807 |
||